00825nam a2200241 a 45000010005000000030008000050050017000130080041000300350018000710400029000890410008001180820021001261000036001472450140001832500012003232600046003353000025003815040050004066500015004566500030004716500038005016510044005394899BD-RjUL20211208233956.0160727s1962 enk 001 0 eng d a(BD-RjUL)4934 aXNTUbengcXNTUdBD-RjUL aeng04a342.42bEMP 19621 aEmden, Cecil S.q(Cecil Stuart)14aThe people and the constitution :bbeing a history of the development of the peoples influence in British government /cCecil S. Emden. a2nd ed. aLondon :bOxford University Press,c1962. aix, 339 p. ;c20 cm. aIncludes bibliographical references and index 0aDemocracy. 0aElectionszGreat Britain. 0aPolitical partieszGreat Britain. 0aGreat BritainxPolitics and government.